MSM Monsters by Letter - Statistics

General Stats
  • This quiz has been taken 228 times
  • The average score is 16 of 26
Answer Stats
Letter Answer % Correct
T T-Rox | Tapricorn | Tawkerr | Theremind | Thrumble | Thumpies |Thwok | Tiawa | Toe Jammer | TooToo | Torrt | Tring | Tweedle | Tympa
83%
G G'day | G'joob | Galvana | Ghazt | Gheegur | Glaishur | Gloptic |Glowl | Gob | Gobbleygourd | Grumpyre
82%
B Banjaw | Barrb | Bellowfish | Bisonorus | Blabbit | Blasoom |Bleatnik | Blipsqueak | Blow't | Bona-Petite | Bonkers | Boo'qwurm | Boodoo | Boskus | Bowgart | Bowhead | Bridg-it | Brump | Bulbo
81%
M Maggpi | Mammott | Maulch | Maw | Monculus | Mushaboom
81%
F Ffidyll | Fiddlement | Fleechwurm | Floogull | Floot Fly |Flowah | Flum Ox | Fluoress | Frondley | Fung Pray | Furcorn | Furnoss | Fwog
80%
P Pango | Parlsona | Peckidna | Periscorp | Phangler | Pixolotl |Pladdie | Plinkajou | Plixie | Pluckbill | Poewk | PomPom | PongPing | Poppette | Potbelly | Pummel | Punkleton
79%
C Cahoot | Candelavra | Cantorell | Carillong | Cataliszt |Cherubble | Clackula | Clamble | Clavavera | Clavi Gnat | Congle | Cranchee | Creepuscule | Cybop
76%
S Scaratar | Scargo | Schmoochle | Screemu | Scups | Shellbeat |ShLep | Shrubb | Shugabass | Shugabeats | Shugabuzz | Shugajo | Shugarock | Shugavox | Shugitar | Sneyser | Sooza | Sox | Sporerow | Spunge | Spurrit | Spytrap | Squot | Stogg | Stoowarb | Strombonin | Syncopite
75%
D Dandidoo | Deedge | Denchuhs | Dermit | Dragong |Drumpler | Dwumrohl | Deja-Jin
74%
E Edamimi | Enchantling | Entbrat
72%
W Whaddle | Whajje | Whisp | Whiz-bang | Wimmzies | Withur | Woolabee |Wubbox | Wynq
71%
R Reebro | Reedling | Repatillo | Riff | Roarick | Rooba | Rootitoot
65%
K Kayna | Kazilleon | Knucklehead | Krillby
63%
H Hawlo | HippityHop | Hoola | Hornacle | Humbug
61%
N Nebulob | Noggin
61%
A Arackulele | Astropod | Attmoz
59%
Y Yawstrich | Yelmut | Yool | Yuggler
58%
Q Quarrister | Quibble
57%
Z Ziggurab | Zuuker | Zynth
57%
X Xyster
48%
J Jam Boree | Jeeode | Jellbilly
46%
O Oaktopus | Osstax
45%
I Incisaur
40%
U Uuduk
35%
V Vhamp | Viveine
35%
L Larvaluss | Loodvigg
26%
No matching quizzes found
Score Distribution
Percent of People with Each Score
Percentile by Number Answered
Your Score History
You have not taken this quiz